| 000 | 00652nam a22002057a 4500 | ||
|---|---|---|---|
| 999 |
_c163239 _d163239 |
||
| 005 | 20190405144315.0 | ||
| 010 | _aENG-124976 | ||
| 020 |
_a9789383316106 _c1195.00 |
||
| 035 | _aEN-108508 | ||
| 037 | _adpl | ||
| 037 | _bDBAD/PUB. | ||
| 082 | _a327.5405496 | ||
| 100 | _aSarin, M.N. | ||
| 245 |
_aIndia, Nepal and China: _cby M.N.Sarin _bpeace, conflict approach/ |
||
| 260 |
_aDelhi _bGaurav Book Centre (Pvt.) Ltd. _c2015 |
||
| 270 |
_a4832/24, Prahlad Lane, S-207 Ansari Road, Daryaganj, _bDelhi _e110002 |
||
| 300 | v |
_a304p. _c23cm(Hbk) |
|
| 500 | _aIt includes bibliography and index | ||
| 942 |
_2ddc _cEN _mSAR _h327.5405496 |
||